[Event "Millionaire Chess KO 2015"]
[Site "Las Vegas USA"]
[Date "2015.10.12"]
[Round "1.4"]
[White "Nakamura,Hi"]
[Black "Yu Yangyi"]
[Result "1-0"]
[WhiteElo "2816"]
[BlackElo "2721"]

1.e4 c5 2.Nf3 e6 3.g3 Nc6 4.d4 cxd4 5.Nxd4 Nf6 6.Bg2 e5 7.Nb5 d6 8.Bg5 a6
9.Bxf6 gxf6 10.N5c3 f5 11.O-O Bg7 12.Nd2 O-O 13.Nc4 Nd4 14.Nd5 fxe4 15.Ncb6 Be6
16.c3 Bxd5 17.Nxd5 Nf3+ 18.Bxf3 exf3 19.Qxf3 f5 20.Rad1 Kh8 21.Rd2 e4 22.Qh5 Be5
23.Ne3 Qc8 24.Nd5 Qd8 25.f4 exf3 26.Rxf3 Qd7 27.Nb6 Qe8 28.Qxe8 Raxe8 29.Rdf2 Bg7
30.Rxf5 Rxf5 31.Rxf5 Re2 32.Rf2 Re1+ 33.Kg2 Kg8 34.Rd2 Be5 35.Nc4 Kf7 36.Nxe5+ Rxe5
37.Kf3 Rb5 38.b4 Ke6 39.Rd4 h5 40.Ke3 Rg5 41.Re4+ Kd5 42.a4 b5 43.axb5 axb5
44.Rd4+ Ke6 45.Rh4 Kd5 46.Kd3 Rf5 47.Rf4 Rg5 48.c4+ Kc6 49.cxb5+ Kxb5 50.Rd4 Kc6
51.Ke3 Rf5 52.h3 Rf1 53.Rh4 Rf5 54.Rc4+ Kd5 55.Rf4 Rg5 56.Kf3 Ke6 57.Re4+ Kf6
58.g4 hxg4+ 59.hxg4 Rd5 60.Ke3 Rd1 61.Rd4 Rb1 62.Rxd6+ Ke5 63.Rb6 Rb3+ 64.Kd2 Kd4
65.Kc2 Rg3 66.Rc6 Rxg4 67.Kb3 Kd5 68.Ra6 Rg1 69.Ka4 Kc4 70.Rc6+ Kd5 71.Rc8 Kd6
72.Ka5 Kd7 73.Rc2 Rg8 74.b5 Rb8 75.Ka6 Kd6 76.b6 Ra8+ 77.Kb7 Ra1 78.Rd2+ Ke7
79.Kb8 Rb1 80.b7 Ke6 81.Ra2  1-0

[Event "Millionaire Chess KO 2015"]
[Site "Las Vegas USA"]
[Date "2015.10.12"]
[Round "1.2"]
[White "Nakamura,Hi"]
[Black "Yu Yangyi"]
[Result "1/2-1/2"]
[WhiteElo "2816"]
[BlackElo "2721"]

1.e4 c5 2.Nf3 Nc6 3.Bb5 e6 4.O-O Nge7 5.c3 d5 6.exd5 Nxd5 7.d4 cxd4 8.cxd4 Bd6
9.Nc3 O-O 10.Bd3 Nce7 11.Bg5 Nxc3 12.bxc3 h6 13.Bh4 Qc7 14.c4 b6 15.Be4 Bb7
16.Bxb7 Qxb7 17.Qb3 Nf5 18.Bg3 Rfd8 19.Rfd1 Rac8 20.Bxd6 Rxd6 21.c5 Rd5 22.Rab1 Qa6
23.cxb6 axb6 24.Qxb6 Qxa2 25.Rd2 Rc2 26.Rxc2 Qxc2 27.Re1 Qc8 28.h3 Rd6 29.Qb4 Qd8
30.Rd1 Rd5 31.Rd2 Qc7 32.Qb1 Qd8  1/2-1/2

[Event "Millionaire Chess KO 2015"]
[Site "Las Vegas USA"]
[Date "2015.10.12"]
[Round "1.3"]
[White "Yu Yangyi"]
[Black "Nakamura,Hi"]
[Result "1/2-1/2"]
[WhiteElo "2721"]
[BlackElo "2816"]

1.e4 e5 2.Nf3 Nc6 3.Bb5 Nf6 4.O-O Nxe4 5.Re1 Nd6 6.Nxe5 Be7 7.Bf1 Nxe5 8.Rxe5 O-O
9.Nc3 Ne8 10.Nd5 Bd6 11.Re1 c6 12.Ne3 Be7 13.c4 Bf6 14.d4 d5 15.cxd5 cxd5
16.g3 Be6 17.Bg2 Qb6 18.Nxd5 Bxd5 19.Bxd5 Bxd4 20.Be3 Bxe3 21.Rxe3 Rd8 22.Qb3 Qxb3
23.Bxb3 Nd6 24.Rd1 Nc8 25.Rc1 Rd7 26.Ba4 Rd4 27.Bb3 Rd7 28.Rec3 Nb6 29.Rc7 Rfd8
30.a4 Kf8 31.a5 Nd5 32.Bxd5 Rxc7 33.Rxc7 Rxd5 34.Rxb7 Rxa5  1/2-1/2

[Event "Millionaire Chess KO 2015"]
[Site "Las Vegas USA"]
[Date "2015.10.12"]
[Round "1.1"]
[White "Yu Yangyi"]
[Black "Nakamura,Hi"]
[Result "1/2-1/2"]
[WhiteElo "2721"]
[BlackElo "2816"]

1.e4 e5 2.Nf3 Nc6 3.Bb5 Nf6 4.O-O Nxe4 5.Re1 Nd6 6.Nxe5 Be7 7.Bf1 Nxe5 8.Rxe5 O-O
9.Nc3 Ne8 10.Nd5 Bd6 11.Re1 c6 12.Ne3 Be7 13.Qe2 Bf6 14.Nf5 d5 15.Ne7+ Kh8
16.Nxc8 Rxc8 17.Qd1 Nd6 18.c3 Bg5 19.d4 Bxc1 20.Rxc1 Rc7 21.Bd3 Re7 22.Rxe7 Qxe7  1/2-1/2

[Event "Millionaire Chess KO 2015"]
[Site "Las Vegas USA"]
[Date "2015.10.12"]
[Round "2.1"]
[White "Nakamura,Hi"]
[Black "Le Quang Liem"]
[Result "1-0"]
[WhiteElo "2816"]
[BlackElo "2697"]

1.d4 Nf6 2.c4 e6 3.Nf3 d5 4.Bg5 h6 5.Bxf6 Qxf6 6.Qb3 c6 7.e3 Qe7 8.Nbd2 Qb4
9.Qc2 Nd7 10.a3 Qa5 11.Be2 dxc4 12.O-O Be7 13.Nxc4 Qc7 14.b4 O-O 15.Rac1 Rd8
16.Qb3 a6 17.Bd3 Nf6 18.Bb1 Bd7 19.e4 Be8 20.e5 Nh7 21.Qe3 b6 22.Rfd1 a5
23.d5 Rxd5 24.Rxd5 exd5 25.Nxb6 Rd8 26.Nxd5 Qb7 27.Nxe7+ Qxe7 28.bxa5 Ra8
29.a6 Nf8 30.Bd3 Ne6 31.Nd4 Nxd4 32.Qxd4 Rd8 33.Qc3 c5 34.Bf1 Rd5 35.Qa5 Bc6
36.a7 Ba8 37.Rb1 Kh7 38.Rb8 c4 39.Qa6 Rd2 40.Rxa8 Qc5 41.Rh8+ Kxh8 42.a8=Q+  1-0

[Event "Millionaire Chess KO 2015"]
[Site "Las Vegas USA"]
[Date "2015.10.12"]
[Round "2.2"]
[White "Le Quang Liem"]
[Black "Nakamura,Hi"]
[Result "1/2-1/2"]
[WhiteElo "2697"]
[BlackElo "2816"]

1.c4 e6 2.g3 d5 3.Bg2 Nf6 4.Nf3 dxc4 5.Qa4+ Bd7 6.Qxc4 c5 7.O-O Bc6 8.Rd1 Nbd7
9.Qc2 Rc8 10.Nc3 b5 11.d3 a6 12.e4 Be7 13.Bf4 O-O 14.a4 Qb6 15.Qe2 Qb7 16.Nd2 Bd8
17.axb5 axb5 18.Nb3 Bb6 19.Bd6 Rfe8 20.Na5 Bxa5 21.Rxa5 b4 22.Nb1 Qb6 23.Ra1 e5
24.f4 c4+ 25.Qf2 Qxf2+ 26.Kxf2 cxd3 27.Nd2 Ng4+ 28.Kg1 Ne3 29.Rdc1 Nxg2 30.Kxg2  1/2-1/2

[Event "Millionaire TB Final 2015"]
[Site "Las Vegas USA"]
[Date "2015.10.12"]
[Round "3"]
[White "Nakamura,Hi"]
[Black "So,W"]
[Result "1-0"]
[WhiteElo "2816"]
[BlackElo "2760"]

1.c4 Nf6 2.Nc3 e6 3.e4 d5 4.cxd5 exd5 5.e5 Ne4 6.d4 Nc6 7.Bb5 Be7 8.Nge2 O-O
9.O-O Bf5 10.Be3 Na5 11.Nxe4 Bxe4 12.Ng3 a6 13.Bd3 Bxd3 14.Qxd3 Nc4 15.Bc1 f6
16.b3 Nb6 17.e6 Qd6 18.Re1 g6 19.Bh6 Rfe8 20.f4 Kh8 21.f5 g5 22.Nh5 Rg8 23.h4 g4
24.Rf1 Qd8 25.Qe2 Qe8 26.Nf4 Bd6 27.Rae1 c6 28.e7 Nc8 29.Qe6 Bxe7 30.h5 b5
31.Ng6+ hxg6 32.hxg6 Ra7 33.Kf2 g3+ 34.Kf3 Rxg6 35.fxg6 Qxg6 36.Qxc8+ Kh7
37.Rh1  1-0

[Event "Showdown Basque 2015"]
[Site "Saint Louis USA"]
[Date "2015.11.12"]
[Round "1.1"]
[White "Caruana,F"]
[Black "Nakamura,Hi"]
[Result "1/2-1/2"]
[WhiteElo "2787"]
[BlackElo "2793"]

1.e4 c5 2.Nf3 Nc6 3.Bb5 Nf6 4.Bxc6 dxc6 5.d3 g6 6.h3 Bg7 7.Nc3 Nd7 8.Be3 b6
9.Qd2 h6 10.O-O e5 11.Nh2 g5 12.Ne2 Nf8 13.Ng3 Ng6 14.a3 O-O 15.b4 cxb4 16.axb4 Nh4
17.f3 f5 18.exf5 Nxf5 19.Nxf5 Bxf5 20.Ra6 Qe7 21.Ng4 e4 22.dxe4 Rfd8 23.Qe1 Be6
24.Ra3 Bc4 25.Rf2 h5 26.Nh2 Bb2 27.Ra4 Qe5 28.Nf1 Qb5 29.Ra1 Bxa1 30.Qxa1 Bxf1
31.Rxf1 Rd6 32.Qa2+ Kg7 33.Qb2+ Kh7 34.Ra1 a6 35.Rc1 Qe2 36.Qb3 Rg8 37.Qf7+ Rg7
38.Qf5+ Kg8 39.Qc8+ Kh7 40.Qf5+ Kg8 41.Bxg5 Rd2 42.Qe6+ Kh7 43.Qh6+ Kg8 44.Qe6+ Kh7  1/2-1/2

[Event "Showdown Basque 2015"]
[Site "Saint Louis USA"]
[Date "2015.11.12"]
[Round "1.2"]
[White "Nakamura,Hi"]
[Black "Caruana,F"]
[Result "1/2-1/2"]
[WhiteElo "2793"]
[BlackElo "2787"]

1.d4 Nf6 2.Bg5 e6 3.e4 h6 4.Bxf6 Qxf6 5.Nc3 Bb4 6.Qd2 d6 7.a3 Ba5 8.Nge2 Nc6
9.Rd1 O-O 10.f4 e5 11.dxe5 dxe5 12.b4 Bb6 13.f5 Ne7 14.Na4 Qh4+ 15.Ng3 g6
16.fxg6 Nxg6 17.Be2 Nf4 18.Bf3 Be6 19.Nxb6 cxb6 20.O-O Qg5 21.Kh1 Rfd8 22.Qf2 Rxd1
23.Rxd1 Ng6 24.Nf1 Rd8 25.Rxd8+ Qxd8 26.Qd2 Qxd2 27.Nxd2 Ne7 28.Kg1 Nc8 29.Kf2 Nd6
30.Be2 f6 31.Bd3 Kf7 32.Ke3 Ke7 33.h3 Kf7 34.c4 Ke7 35.Be2 Nf7 36.Nf1 Nd6
37.Nd2 Nf7 38.Nf1 Nd6 39.Nd2  1/2-1/2

[Event "Showdown Rapid 2015"]
[Site "Saint Louis USA"]
[Date "2015.11.14"]
[Round "1"]
[White "Nakamura,Hi"]
[Black "Caruana,F"]
[Result "1/2-1/2"]
[WhiteElo "2793"]
[BlackElo "2787"]

1.b3 g6 2.Bb2 Nf6 3.e4 d6 4.g3 Bg7 5.Bg2 O-O 6.d4 c5 7.dxc5 Qa5+ 8.Qd2 Qxc5
9.c4 Nc6 10.Nc3 Qd4 11.Qxd4 Nxd4 12.O-O-O Ne6 13.h3 Nc5 14.Nge2 a5 15.Ba3 Na6
16.e5 dxe5 17.Bxe7 Re8 18.Bxf6 Bxf6 19.Ne4 Be7 20.Nd6 Bxd6 21.Rxd6 a4 22.Nc3 axb3
23.axb3 Kg7 24.Kb2 Nc5 25.Rd5 Na6 26.Rhd1 Nb4 27.Rd6 Ra6 28.Rxa6 bxa6 29.Ne4 Re7
30.Nd6 Be6 31.c5 Kf8 32.Bf1 Rc7 33.Rc1 a5 34.Ka3 Ke7 35.f4 exf4 36.gxf4 Nc6
37.Nb5 Rd7 38.Nd6 Rc7 39.Nc4 Nd4 40.Nd2 Bd7 41.Ne4 Ne6 42.Re1 Nxf4 43.h4 Ne6
44.Bc4 h6 45.b4 axb4+ 46.Kxb4 Ra7 47.h5 gxh5 48.Ng3 h4 49.Nf5+ Kf6 50.Nxh4 Ra4+
51.Kc3 Nxc5 52.Rf1+ Ke5 53.Nf3+ Kd6 54.Bxf7 Rf4 55.Rd1+ Ke7 56.Bd5 Be6 57.Ne5 Kf6
58.Bxe6 Nxe6 59.Nd3 Rf3 60.Rh1 Kg5 61.Kd2 h5 62.Rg1+ Kh6 63.Ne5 Rf6 64.Ng4+ hxg4
65.Rxg4 Ng5 66.Ke3 Kg6 67.Ra4 Rb6 68.Ra5 Kf6 69.Ra3 Rb5 70.Kd4 Ne6+ 71.Ke4 Rb4+
72.Ke3 Nc7 73.Ra5 Ke6 74.Kd3 Nd5 75.Ra8 Nc7 76.Ra5 Rh4 77.Rc5 Kd6 78.Ra5 Ne6
79.Ra8 Kd5 80.Ra5+ Nc5+ 81.Ke3 Rc4 82.Ra8 Rc3+ 83.Kf4 Ne6+ 84.Kg4 Ke4 85.Ra4+ Nd4
86.Ra8 Rc6 87.Re8+ Ne6 88.Re7 Ke5 89.Kf3 Rc3+ 90.Ke2 Ra3 91.Kd2 Kd5 92.Re8 Nc5
93.Rd8+ Kc4 94.Ke2 Rd3 95.Rxd3 Nxd3  1/2-1/2

[Event "Showdown Rapid 2015"]
[Site "Saint Louis USA"]
[Date "2015.11.14"]
[Round "2"]
[White "Caruana,F"]
[Black "Nakamura,Hi"]
[Result "1-0"]
[WhiteElo "2787"]
[BlackElo "2793"]

1.e4 c5 2.Nf3 Nc6 3.Bb5 d6 4.Bxc6+ bxc6 5.e5 dxe5 6.Nxe5 f6 7.Qh5+ g6 8.Nxg6 hxg6
9.Qxh8 Qd5 10.O-O Kf7 11.Nc3 Qd4 12.d3 Bg7 13.Qh7 f5 14.Ne2 Qd6 15.Nf4 Bd7
16.Nh3 Be8 17.Ng5+ Kf8 18.Re1 e5 19.Bf4 Bf6 20.Qb7 Bxg5 21.Bxe5  1-0

[Event "Showdown Rapid 2015"]
[Site "Saint Louis USA"]
[Date "2015.11.14"]
[Round "3"]
[White "Nakamura,Hi"]
[Black "Caruana,F"]
[Result "1/2-1/2"]
[WhiteElo "2793"]
[BlackElo "2787"]

1.Nf3 Nf6 2.b3 g6 3.Bb2 Bg7 4.g3 O-O 5.c4 d6 6.d4 e5 7.dxe5 Nfd7 8.Bg2 Nxe5
9.Qd2 Nbc6 10.O-O Bg4 11.Nxe5 Nxe5 12.Bd4 Qc8 13.f4 Nc6 14.Bxg7 Kxg7 15.Nc3 Ne7
16.e4 f6 17.f5 g5 18.c5 Rd8 19.Qe3 Qd7 20.h3 Bh5 21.g4 Bf7 22.e5 dxe5 23.Bxb7 Rab8
24.Rad1 Qe8 25.Bf3 Rb4 26.Rxd8 Qxd8 27.Rd1 Rd4 28.Rxd4 exd4 29.Qd3 Qd7 30.Kf2 h5
31.Ne2 Nc6 32.Qe4 Ne5 33.Qxd4 Qe7 34.Nc3 Nxf3 35.Kxf3 Be8 36.Kf2 hxg4 37.hxg4 Bc6
38.Ne2 a5 39.Qe3 Qd7 40.Nd4 Bd5 41.a3 c6 42.Ke1 Qc7 43.Kd2 Qh2+ 44.Kc3 Kf7
45.Nxc6 Qc7 46.Nd4 Qxc5+ 47.Kb2 a4 48.bxa4 Qc4 49.Qc3 Qxa4 50.Qc7+ Ke8 51.Qc8+ Kf7
52.Qc5 Qc4 53.Qxc4 Bxc4 54.Nc2 Ke7 55.Kc3 Be2 56.Ne3 Kd6 57.Kd4 Kc6 58.a4 Bf3
59.a5 Be2 60.a6 Bxa6 61.Nd5 Be2 62.Nxf6 Kd6 63.Ne4+ Ke7 64.Nf2 Kf6 65.Ke4 Ba6
66.Kf3 Ke5 67.Nd1 Bd3 68.Ne3 Be4+ 69.Kg3 Bd3 70.Kh3 Be2 71.Kg3 Bd3 72.Kf2 Kf4
73.f6 Bg6 74.Nc4 Kxg4 75.f7 Bxf7 76.Ne5+ Kf5 77.Nxf7 Kf6 78.Nxg5  1/2-1/2

[Event "Showdown Rapid 2015"]
[Site "Saint Louis USA"]
[Date "2015.11.14"]
[Round "4"]
[White "Caruana,F"]
[Black "Nakamura,Hi"]
[Result "1-0"]
[WhiteElo "2787"]
[BlackElo "2793"]

1.e4 e6 2.d4 d5 3.Nc3 Nf6 4.e5 Nfd7 5.f4 c5 6.Nf3 Nc6 7.Be3 Be7 8.Qd2 a6
9.Bd3 b5 10.O-O Qb6 11.dxc5 Bxc5 12.Bxc5 Nxc5 13.Qf2 Nd7 14.a3 Ke7 15.Qxb6 Nxb6
16.Ne2 Bd7 17.b3 f6 18.Ned4 Nxd4 19.Nxd4 fxe5 20.fxe5 h6 21.Kf2 Rhf8+ 22.Ke3 Rxf1
23.Rxf1 Be8 24.Bh7 Bf7 25.Nc6+ Ke8 26.Bd3 Rc8 27.Nb4 Nd7 28.Kd4 Nb8 29.Nxa6 Nc6+
30.Kc5 Ke7 31.Kxb5 Nxe5 32.Kb6 Be8 33.a4 Kd6 34.Rf2 Nxd3 35.cxd3 Bg6 36.d4 e5
37.dxe5+ Kxe5 38.b4 d4 39.b5 d3 40.Nb4 Kd4 41.Nc6+ Ke3 42.Rf3+ Ke2 43.Nd4+ Ke1
44.Rg3 Be4 45.Re3+ Kf1 46.Rxe4 d2 47.Nf5 Rc3 48.Rd4 Ke1 49.a5 g6 50.Nd6  1-0

[Event "Showdown Blitz 2015"]
[Site "Saint Louis USA"]
[Date "2015.11.15"]
[Round "1"]
[White "Nakamura,Hi"]
[Black "Caruana,F"]
[Result "0-1"]
[WhiteElo "2793"]
[BlackElo "2787"]

1.Nf3 Nf6 2.b3 g6 3.Bb2 Bg7 4.d4 d5 5.g3 O-O 6.Bg2 Ne4 7.O-O c5 8.Nfd2 Bf5
9.Nxe4 Bxe4 10.f3 Bf5 11.e4 dxe4 12.fxe4 Bg4 13.Qd3 Bxd4+ 14.Bxd4 Qxd4+ 15.Qxd4 cxd4
16.e5 Nd7 17.Rf4 Nxe5 18.Na3 Rad8 19.Bxb7 g5 20.Rf2 d3 21.cxd3 Nxd3 22.Rc2 Ne5
23.Rf1 f6 24.Bg2 Rc8 25.Rfc1 Rxc2 26.Rxc2 Rd8 27.h3 Rd1+ 28.Kf2 Bf5 29.Re2 Bd3
30.Rb2 Ba6 31.Ke3 Re1+ 32.Kd4 Nd3 33.Rd2 e5+ 34.Kc3 Rc1+ 35.Rc2 Rg1 36.Rd2 Ne1
37.Bd5+ Kg7 38.g4 Rg3+ 39.Kb4 Rxh3 40.Ka5 Bd3 41.Rd1 Nc2 42.Nxc2 Bxc2 43.Rc1 Rh2
44.b4 e4 45.Re1 Bd3 46.a4 f5 47.gxf5 Kf6 48.b5 g4 49.Ka6 Ke5 50.Bc6 Ra2 51.a5 g3
52.Kxa7 Rxa5+ 53.Kb6 Ra2 54.Kc7 Ra7+ 55.Kb8 Rg7 56.b6 g2 57.Rg1 Kd6 58.Ba8 Rg8+
59.Ka7 e3 60.f6 e2 61.f7 Rf8 62.b7 Rxf7 63.Kb6 Rf8 64.Ka7 Rf7 65.Kb6 Rf8
66.Ka7 Be4  0-1

[Event "Showdown Blitz 2015"]
[Site "Saint Louis USA"]
[Date "2015.11.15"]
[Round "2"]
[White "Caruana,F"]
[Black "Nakamura,Hi"]
[Result "1/2-1/2"]
[WhiteElo "2787"]
[BlackElo "2793"]

1.e4 c5 2.Nf3 d6 3.Bb5+ Bd7 4.Bxd7+ Nxd7 5.O-O Ngf6 6.Qe2 g6 7.c3 Bh6 8.d4 Bxc1
9.Rxc1 O-O 10.e5 Nh5 11.Nbd2 dxe5 12.dxe5 Qb6 13.Nc4 Qa6 14.Qe4 Rad8 15.Rd1 Nb8
16.Ne3 h6 17.Nd5 Qe6 18.h3 b6 19.c4 f5 20.Qe3 Kh7 21.Rd2 Rd7 22.Rad1 Rfd8
23.a3 Nc6 24.b4 Kg7 25.bxc5 Na5 26.Qc3 Kh7 27.cxb6 axb6 28.Qb4 Ng7 29.Nf4 Qc6
30.Rxd7 Rxd7 31.Rxd7 Qxd7 32.Qxb6 Nc6 33.a4 e6 34.a5 g5 35.Ne2 Qd1+ 36.Kh2 Qxe2
37.Qxc6 g4 38.hxg4 fxg4 39.Nh4 Qxf2 40.Qe4+ Nf5 41.Nxf5 exf5 42.Qb7+ Kg6
43.Qc6+ Kh5 44.Qe8+ Kg5 45.e6 Qh4+ 46.Kg1 Qe1+ 47.Kh2 Qe5+ 48.Kg1 Qd4+ 49.Kh1 Qd1+
50.Kh2 Qd6+ 51.Kg1 Qd1+ 52.Kh2 Qd6+ 53.Kg1 g3 54.Qd7 Qc5+ 55.Kh1 Qe3 56.Qe7+ Kg4
57.Qg7+ Kh5 58.Qf7+ Kg5 59.Qg7+ Kh5 60.Qf7+ Kg5  1/2-1/2

[Event "Showdown Blitz 2015"]
[Site "Saint Louis USA"]
[Date "2015.11.15"]
[Round "3"]
[White "Nakamura,Hi"]
[Black "Caruana,F"]
[Result "0-1"]
[WhiteElo "2793"]
[BlackElo "2787"]

1.Nf3 Nf6 2.b3 g6 3.c4 Bg7 4.Bb2 O-O 5.d4 c6 6.e3 d5 7.Nc3 e6 8.Be2 b6 9.O-O Bb7
10.cxd5 exd5 11.b4 Nbd7 12.Nd2 a5 13.a3 b5 14.Nb3 a4 15.Nc1 Ne8 16.Nd3 Nd6
17.Nb1 Nc4 18.Nd2 Re8 19.Nf3 h5 20.Bc3 Bf6 21.Nd2 Bc8 22.Bf3 Ndb6 23.Re1 Bf5
24.Nf1 Nd6 25.Ng3 Bxd3 26.Qxd3 h4 27.Nf1 Nbc4 28.Nd2 Qd7 29.Nxc4 Nxc4 30.Qd1 Re7
31.Be2 Kg7 32.h3 Nd6 33.Bd3 Kg8 34.Ra2 Bg7 35.Bb2 f5 36.Bc1 Bh6 37.Rc2 Nc4
38.Rce2 Rae8 39.Qc2 Kh7 40.Qc3 Qd6 41.Bc2 Bg5 42.Qd3 Qf6 43.Qd1 Re6 44.Bd3 Qd8
45.Qc2 Qd6 46.Rd1 Bd8 47.Bxc4 dxc4 48.d5 cxd5 49.Red2 Bc7 50.Rxd5 Qh2+ 51.Kf1 Qh1+
52.Ke2 Qxg2 53.Rd7+ R8e7 54.Qd2 Bg3 55.Qe1 f4 56.Qf1 Qh2 57.Qg1 f3+ 58.Kxf3 Qxh3
59.fxg3 Rf6+ 60.Ke2 Rxd7  0-1

[Event "Showdown Blitz 2015"]
[Site "Saint Louis USA"]
[Date "2015.11.15"]
[Round "4"]
[White "Caruana,F"]
[Black "Nakamura,Hi"]
[Result "0-1"]
[WhiteElo "2787"]
[BlackElo "2793"]

1.e4 e6 2.d4 b6 3.Bd3 Bb7 4.Nf3 d5 5.e5 c5 6.c3 Ne7 7.O-O Qd7 8.Qe2 Nec6
9.Rd1 a5 10.a4 Ba6 11.Na3 Bxd3 12.Qxd3 cxd4 13.cxd4 Nb4 14.Qb3 N8c6 15.Bd2 h6
16.Rac1 Be7 17.Nb5 O-O 18.Bxb4 Bxb4 19.Rc2 Rac8 20.Rdc1 Nb8 21.h3 Rc6 22.Rxc6 Nxc6
23.Qd1 Rc8 24.Rc2 Ne7 25.Qc1 Rxc2 26.Qxc2 Nc6 27.Nh2 Be7 28.Nf1 f6 29.exf6 Bxf6
30.Qd3 Nb4 31.Qe2 Nc6 32.Qg4 Ne7 33.Ng3 Qc6 34.Nh5 Kf7 35.Nxf6 gxf6 36.Qf4 Kg7
37.Qg3+ Ng6 38.Qc7+ Qxc7 39.Nxc7 Kf7 40.Kf1 Nf4 41.Na8 Ke7 42.g3 Nd3 43.b3 Kd6
44.Ke2 Nb4 45.Nxb6 Kc7 46.Na8+ Kb7 47.f4 Nc6 48.Ke3 Kxa8 49.g4 Ne7 50.h4 Kb7
51.Kf3 f5 52.g5 h5 53.Kg3 Ng6 54.Kh3 Nxf4+  0-1

[Event "Showdown Blitz 2015"]
[Site "Saint Louis USA"]
[Date "2015.11.15"]
[Round "5"]
[White "Nakamura,Hi"]
[Black "Caruana,F"]
[Result "1/2-1/2"]
[WhiteElo "2793"]
[BlackElo "2787"]

1.Nf3 Nf6 2.d4 g6 3.Bf4 Bg7 4.h3 O-O 5.e3 d6 6.Be2 b6 7.c4 Bb7 8.O-O Nbd7
9.Nc3 Re8 10.Bh2 e5 11.d5 a5 12.b3 Nc5 13.Qc2 Bc8 14.Rad1 Bf5 15.Qc1 Nfe4
16.Nb5 Bd7 17.Ne1 f5 18.f3 Nf6 19.Nc3 Bh6 20.Nc2 Nh5 21.f4 Qh4 22.fxe5 dxe5
23.d6 c6 24.Bxh5 Qxh5 25.Kh1 Re6 26.a3 Qh4 27.Qb2 Ne4 28.Na4 Rb8 29.Ne1 Bxe3
30.Nf3 Nf2+ 31.Rxf2 Qxf2 32.Qa1 Bf4 33.Bg1 Qc2 34.Nxb6 Rxb6 35.Bxb6 Qxb3
36.Bxa5 Qxc4 37.Bc3 c5 38.Nxe5 Bxe5 39.Bxe5 Kf7 40.Rd2 Qe4 41.Bh8 Qe1+ 42.Qxe1 Rxe1+
43.Kh2 Ke6 44.Bg7 Re3 45.Bf8 Rxa3 46.Re2+ Kd5 47.Re7 Kc6 48.Rxh7 c4 49.Bg7 c3
50.Bh6 c2 51.Rg7 Ra4 52.Bc1 Ra1 53.Bg5 c1=Q 54.Bxc1 Rxc1 55.Rxg6 Kd5 56.h4 Be6
57.h5 Kxd6 58.h6 Ke7 59.h7 Rc8 60.Rh6 Rh8 61.Kg3 Kf7 62.Kf4 Bc8 63.Kg5 Kg7
64.Rc6 Bd7 65.Rd6 Rd8 66.h8=Q+ Kxh8 67.Kf6 Kh7 68.Ke7 Rg8 69.Kxd7 Rxg2 70.Rf6 Rf2
71.Ke6 f4 72.Kd5  1/2-1/2

[Event "Showdown Blitz 2015"]
[Site "Saint Louis USA"]
[Date "2015.11.15"]
[Round "6"]
[White "Caruana,F"]
[Black "Nakamura,Hi"]
[Result "1-0"]
[WhiteElo "2787"]
[BlackElo "2793"]

1.e4 e6 2.d4 b6 3.c4 Bb7 4.Bd3 Nc6 5.Nf3 Nb4 6.O-O g6 7.Nc3 Nxd3 8.Qxd3 Bg7
9.d5 Nf6 10.Bg5 h6 11.Bh4 g5 12.Bg3 Nh5 13.Rad1 Nxg3 14.fxg3 O-O 15.Kh1 d6
16.Nd4 Qe7 17.h3 a6 18.Rf2 Rac8 19.Nf3 Rcd8 20.Qc2 c6 21.a4 cxd5 22.cxd5 Bc8
23.Qb3 e5 24.g4 h5 25.Nh2 hxg4 26.hxg4 Kh7 27.Ne2 Rh8 28.Ng3 Kg6 29.Nf5 Qc7
30.Rc2 Qa7 31.Qe3 Bxf5 32.gxf5+ Kh7 33.Rdc1 Qb8 34.Rc7 Rc8 35.Qh3+ Bh6 36.Ng4 Kg7
37.Rxc8  1-0

[Event "Showdown Blitz 2015"]
[Site "Saint Louis USA"]
[Date "2015.11.15"]
[Round "8"]
[White "Caruana,F"]
[Black "Nakamura,Hi"]
[Result "0-1"]
[WhiteElo "2787"]
[BlackElo "2793"]

1.e4 e5 2.Nf3 Nc6 3.Bb5 Nf6 4.O-O Nxe4 5.Re1 Nd6 6.Nxe5 Be7 7.Bf1 Nf5 8.Nf3 O-O
9.d4 d5 10.Nc3 Nh4 11.Nxh4 Bxh4 12.Bf4 a6 13.Qd2 Bf6 14.Ne2 h6 15.c3 Ne7
16.Ng3 Ng6 17.Be3 Bg5 18.Bd3 Bxe3 19.Qxe3 Qf6 20.Bxg6 Qxg6 21.Qf4 Qb6 22.Re2 Bd7
23.Rae1 Rae8 24.h3 Re6 25.Rxe6 fxe6 26.Qd2 c5 27.Nh5 cxd4 28.cxd4 Qd6 29.Re5 Rc8
30.Qe2 Qf8 31.g3 Rc4 32.Qe3 Rc2 33.Nf4 Rxb2 34.Nxe6 Bxe6 35.Rxe6 Qf5 36.Kg2 Rxf2+
37.Qxf2 Qxe6 38.a4 b5 39.axb5 axb5 40.Qb2 Qe4+ 41.Kf2 Qd3 42.Qb4 Qc4 43.Qb2 b4
44.Ke3 b3 45.Kd2 Kf7 46.Qc3 Qxc3+ 47.Kxc3 Kf6 48.g4 Kg5 49.Kxb3 Kf4 50.Kb4 Ke4
51.Kc5 g5  0-1

[Event "7th London Classic 2015"]
[Site "London ENG"]
[Date "2015.12.04"]
[Round "1.5"]
[White "Grischuk,A"]
[Black "Nakamura,Hi"]
[Result "1/2-1/2"]
[WhiteElo "2747"]
[BlackElo "2793"]

1.e4 e5 2.Nf3 Nc6 3.Bb5 Nf6 4.O-O Nxe4 5.d4 Nd6 6.Bxc6 dxc6 7.dxe5 Nf5 8.Qxd8+ Kxd8
9.h3 Ke8 10.Nc3 Be6 11.g4 Ne7 12.Nd4 Bd7 13.Kh2 c5 14.Ndb5 Kd8 15.Be3 a6
16.Na3 b6 17.Ne4 h5 18.Kg3 hxg4 19.hxg4 Bc6 20.Ng5 Ke8 21.f4 f5 22.Rad1 g6
23.Ne6 fxg4 24.Nxc7+ Kf7 25.e6+ Kg8 26.Kxg4 Ra7 27.Rd7 Nf5 28.Bf2 Nh6+ 29.Kg3 Nf5+
30.Kg4 Be7 31.Rfd1 Nh6+ 32.Kg3 Nf5+ 33.Kg4 Nh6+ 34.Kg3 Rh7 35.Nc4 Nf5+ 36.Kg4 Nh6+
37.Kg3 Nf5+ 38.Kg4 Nh6+  1/2-1/2

[Event "7th London Classic 2015"]
[Site "London ENG"]
[Date "2015.12.05"]
[Round "2.3"]
[White "Nakamura,Hi"]
[Black "Vachier Lagrave,M"]
[Result "1/2-1/2"]
[WhiteElo "2793"]
[BlackElo "2773"]

1.d4 Nf6 2.Nf3 g6 3.e3 Bg7 4.c4 O-O 5.Be2 c5 6.d5 d6 7.Nc3 e6 8.O-O exd5
9.cxd5 Na6 10.Nd2 Rb8 11.e4 Re8 12.f3 Nh5 13.f4 Nf6 14.Kh1 Nc7 15.a4 a6 16.a5 Bd7
17.Bf3 Nb5 18.e5 dxe5 19.fxe5 Rxe5 20.Nc4 Rf5 21.Ne2 Rxf3 22.gxf3 Bh3 23.Re1 Qxd5
24.Nf4 Qxd1 25.Rxd1 Bd7 26.Be3 Bc6 27.Kg2 Re8 28.Kf2 g5 29.Nd3 g4 30.Nde5 Bd5
31.Rg1 h5 32.h3 Bxc4 33.Nxc4 Nd5 34.fxg4 Nxe3 35.Nxe3 Bxb2 36.Rae1 Bc3 37.Re2 Bd4
38.Kf3 Nc3 39.Ree1 Ne4 40.gxh5+ Kh7 41.Rg2 Nd6 42.Ree2 Re5 43.Nc2 Rxh5 44.Nxd4 cxd4
45.Rg4 Rxa5 46.Rxd4 Nf5 47.Rb4 b5 48.Kf4 Nh6 49.Ke5 Ra3 50.h4 Rg3 51.Ra2 Rg6
52.Rb1 Re6+ 53.Kf4 Rf6+ 54.Ke4 Re6+ 55.Kf4 Rf6+ 56.Ke4 Re6+ 57.Kf4  1/2-1/2

[Event "7th London Classic 2015"]
[Site "London ENG"]
[Date "2015.12.06"]
[Round "3.1"]
[White "Caruana,F"]
[Black "Nakamura,Hi"]
[Result "1/2-1/2"]
[WhiteElo "2787"]
[BlackElo "2793"]

1.e4 e5 2.Nf3 Nc6 3.Bb5 Nf6 4.d3 Bc5 5.Bxc6 dxc6 6.Nbd2 Qe7 7.h3 O-O 8.Nc4 Nd7
9.Qe2 b5 10.Ne3 Nb6 11.Nf5 Bxf5 12.exf5 Nd7 13.Nd2 Bb4 14.c3 Ba5 15.Ne4 b4
16.O-O Rfd8 17.cxb4 Bxb4 18.Be3 f6 19.Qc2 Nb6 20.a3 Bd6 21.Qxc6 Qd7 22.Qxd7 Rxd7
23.Rfc1 Nd5 24.Bd2 Bf8 25.g3 a5 26.Kf1 a4 27.Ke2 Rb8 28.Rc2 Rb3 29.Rac1 Rd8
30.Nc3 Nxc3+ 31.Bxc3 Rd5 32.g4 c6 33.Rg1 h6 34.h4 Be7 35.Rg3 Kf7 36.Kd2 Bd6
37.Ke2 Bc5 38.g5 Bd4 39.gxh6 gxh6 40.Rg6 Bxc3 41.bxc3 h5 42.Rh6 Kg7 43.Rg6+ Kf7
44.Rh6 Kg7 45.Rg6+  1/2-1/2

[Event "7th London Classic 2015"]
[Site "London ENG"]
[Date "2015.12.07"]
[Round "4.1"]
[White "Nakamura,Hi"]
[Black "Anand,V"]
[Result "1-0"]
[WhiteElo "2793"]
[BlackElo "2796"]

1.d4 Nf6 2.Nf3 e6 3.c4 d5 4.g3 Be7 5.Bg2 O-O 6.Qc2 c5 7.O-O cxd4 8.Nxd4 Qb6
9.Rd1 Nc6 10.Nxc6 Qxc6 11.Bg5 h6 12.Bxf6 Bxf6 13.Na3 Bd7 14.Rab1 Rac8 15.Qd3 Rfd8
16.cxd5 Qa4 17.Rd2 b5 18.Rbd1 exd5 19.Bxd5 Bc6 20.e4 a6 21.h4 Bxd5 22.exd5 Qb4
23.Rb1 Qa5 24.b4 Qa4 25.Rb3 Be7 26.Re2 Rc7 27.Kg2 Bf6 28.Qf3 Re7 29.Rd2 Red7
30.Qe2 g6 31.h5 g5 32.Qd1 Bg7 33.Nc2 Qxa2 34.Ne3 Qa1 35.Qxa1 Bxa1 36.Ra2 Bd4
37.Nf5 Bg7 38.Rxa6 Bf8 39.d6 Bxd6 40.Nxh6+ Kh7 41.Ng4  1-0

[Event "7th London Classic 2015"]
[Site "London ENG"]
[Date "2015.12.08"]
[Round "5.3"]
[White "Adams,Mi"]
[Black "Nakamura,Hi"]
[Result "1/2-1/2"]
[WhiteElo "2737"]
[BlackElo "2793"]

1.e4 e5 2.Nf3 Nc6 3.Bb5 Nf6 4.d3 Bc5 5.Bxc6 dxc6 6.Nbd2 Nd7 7.Nc4 O-O 8.Bd2 Re8
9.Qe2 f6 10.h4 Nf8 11.h5 Be6 12.Ne3 Qd7 13.h6 g6 14.O-O Bg4 15.Nxg4 Qxg4
16.Nd4 Qxe2 17.Nxe2 Ne6 18.g3 g5 19.Be3 Bf8 20.Kg2 Bxh6 21.Rh1 Bg7 22.Kf3 h6
23.Kg4 Re7 24.Raf1 Rf8 25.Rh3 Nd4 26.Nxd4 exd4 27.Bc1 Re5 28.f4 Rc5 29.Rh2 f5+
30.exf5 Rfxf5 31.Rhf2 gxf4 32.Bxf4 h5+ 33.Kh3 Be5 34.Re1 Ra5 35.a3 Rd5 36.Re4 a5
37.a4 Rf7 38.b3 Bd6 39.Rfe2 Rg7 40.Bxd6 cxd6 41.Re8+ Kh7 42.Rf2 Rdg5 43.Rf3 R5g6
44.Re4 Rg4 45.Re6 h4 46.Rxd6 c5 47.Rd5 Rxg3+ 48.Rxg3 hxg3 49.Kg2 b6 50.Rd6 Rg6
51.Rxg6 Kxg6 52.Kxg3 Kg5 53.Kf3 Kf5 54.Kg3 Kg5 55.Kf3 Kf5 56.Kg3 Ke5  1/2-1/2

[Event "7th London Classic 2015"]
[Site "London ENG"]
[Date "2015.12.10"]
[Round "6.2"]
[White "Nakamura,Hi"]
[Black "Aronian,L"]
[Result "1/2-1/2"]
[WhiteElo "2793"]
[BlackElo "2788"]

1.Nf3 d5 2.g3 Nf6 3.Bg2 e6 4.c4 Be7 5.d4 O-O 6.O-O dxc4 7.Qc2 a6 8.a4 Bd7
9.Qxc4 Bc6 10.Bg5 a5 11.Nc3 Ra6 12.e3 Rb6 13.Qe2 Nbd7 14.Rfd1 Bxf3 15.Bxf3 c6
16.Qc2 Ne8 17.Bxe7 Qxe7 18.Na2 Nef6 19.Qc3 Ra8 20.Rd2 e5 21.dxe5 Qxe5 22.Rad1 Qxc3
23.Nxc3 Nf8 24.Be4 Nxe4 25.Nxe4 Rb4 26.Nc5 g6 27.Rc2 b6 28.Nd3 Rd8 29.Rxc6 Ne6
30.Kg2 Nc5 31.Nxb4 Rxd1 32.Rc8+ Kg7 33.Nc6 Nxa4 34.b3 Nb2 35.Ne5 Nd3 36.Nxd3 Rxd3
37.b4 axb4 38.Rc6 b5 39.Rc5 Kf6 40.Rxb5 Rb3 41.g4  1/2-1/2